00322nam a2200133Ia 4500008004100000020001500041082001700056100002300073245003200096250000900128260003500137300000800172650000800180191201s2008 xx 000 0 und d a8176563587 a005.133bKAU aKANETKAR, Yashwant 0aUnderstanding Pointers in C aRep. aN.DelhibBPB Publicationc2008 a501 aMCA